Galileo y la iglesia
Gardado en:
| Autor Principal: | |
|---|---|
| Formato: | Libro |
| Idioma: | Lingua castelá |
| Publicado: |
Madrid
Rialp
1987
|
| Subjects: | |
| Tags: |
Engadir etiqueta
Sen Etiquetas, Sexa o primeiro en etiquetar este rexistro!
|
MARC
| LEADER | 00000nam a2200000 a 4500 | ||
|---|---|---|---|
| 001 | UCW9370 | ||
| 003 | CL-VaPUC | ||
| 008 | 890331e19870000SP |||||||||||||||||spa|d | ||
| 020 | |a 8432123609 | ||
| 082 | 0 | 4 | |a 215 |b BRA |2 21 |
| 100 | 0 | |a Brandmüller, Walter |e author |9 314625 | |
| 245 | 1 | 0 | |a Galileo y la iglesia |
| 300 | |a 194 p | ||
| 942 | |c BK | ||
| 945 | |d 19890331 00:00:00 | ||
| 260 | |a Madrid |b Rialp |c 1987 | ||
| 600 | 0 | |a Galilei, Galileo |9 264973 | |
| 650 | 0 | |a Filosofía de la religión |9 256017 | |
| 650 | 0 | |a Filosofía de las ciencias |9 256466 | |
| 583 | |a last modification |c 19890331 00:00:00 |k Rodrigo Vera | ||
| 999 | |c 221370 |d 221368 | ||
| 952 | |0 0 |1 0 |4 0 |6 215_000000000000000_BRA_1987 |7 0 |8 A |9 214612 |a BIBCUR |b BIBCUR |d 2019-11-15 |i 2831740 |o 215 BRA 1987 |p 2831740 |r 2025-04-22 |w 2019-11-15 |y BK |k FIS | ||
| 952 | |0 0 |1 0 |4 0 |6 215_000000000000000_BRA_1987 |7 0 |8 A |9 214613 |a BIBTEO |b BIBTEO |d 2019-11-15 |i 2831759 |o 215 BRA 1987 |p 2831759 |r 2025-01-17 |w 2019-11-15 |y BK |k ICR | ||
| 952 | |0 0 |1 0 |2 ddc |4 0 |6 215_000000000000000_BRA_1987 |7 0 |8 A |9 214614 |a BIBCUR |b BIBCUR |c PAC |d 2019-11-15 |i 2831767 |o 215 BRA 1987 |p 2831767 |r 2025-04-22 |w 2019-11-15 |y BK |k FIS | ||
| 952 | |0 0 |1 0 |4 0 |6 215_000000000000000_BRA_1987 |7 0 |8 A |9 214615 |a BIBCUR |b BIBCUR |d 2019-11-15 |i 4532678 |o 215 BRA 1987 |p 4532678 |r 2025-04-22 |w 2019-11-15 |y BK |k FIS | ||